| 000 | 02684nam a2200625Ii 4500 | ||
|---|---|---|---|
| 001 | DIGUAH0052 | ||
| 003 | NyNyDIG | ||
| 008 | 171207s2014 cl a ob 000 0 spa d | ||
| 006 | m o d | ||
| 007 | cr ||||||||||| | ||
| 035 | _a(OCoLC)1015849323 | ||
| 040 |
_aDGITA _beng _erda _epn _cDGITA |
||
| 020 |
_a9789569320835 _q(eBook) |
||
| 020 |
_a9569320834 _q(eBook) |
||
| 020 |
_z9789569320828 _q(impreso) |
||
| 020 |
_z9569320826 _q(impreso) |
||
| 041 | 1 |
_aspa _heng |
|
| 043 |
_an------ _as------ |
||
| 050 | 1 | 4 | _aE20 ebook |
| 082 | 0 | 4 | _a306.484 |
| 100 | 1 |
_aTaylor, Diana, _d1950- _eauthor. |
|
| 240 | 1 | 0 |
_aArchive and the repertoire. _lSpanish _s(Contreras Castro) |
| 245 | 1 | 3 |
_aEl archivo y el repertorio : _bel cuerpo y la memoria cultural en las Américas / _cDiana Taylor ; traducción de Anabelle Contreras Castro. |
| 246 | 1 |
_iSubtitle on cover: _aMemoria cultural performática en las Américas |
|
| 264 | 1 |
_aSantiago de Chile : _bEdiciones Universidad Alberto Hurtado, _c[2016] |
|
| 300 |
_a1 online resource : _billustrations. |
||
| 336 |
_atext _btxt _2rdacontent |
||
| 337 |
_acomputer _bc _2rdamedia |
||
| 338 |
_aonline resource _bcr _2rdacarrier |
||
| 490 | 1 | _aColección Antropología | |
| 504 | _aIncludes bibliographical references. | ||
| 588 | 0 | _aOnline resource; title from ePub title page (Digitalia, viewed December 7, 2017) | |
| 650 | 0 |
_aCollective memory _zLatin America. |
|
| 651 | 0 |
_aAmerica _xCivilization. |
|
| 650 | 0 |
_aMemory _xSocial aspects _zAmerica. |
|
| 650 | 0 |
_aPerformance art _xPolitical aspects _zAmerica. |
|
| 650 | 0 |
_aPerforming arts _xPolitical aspects _zAmerica. |
|
| 651 | 0 |
_aAmerica _xEthnic relations. |
|
| 650 | 0 | _aNorth and south. | |
| 650 | 0 |
_aPostcolonialism _zAmerica. |
|
| 650 | 0 |
_aPostcolonialism and the arts _zAmerica. |
|
| 650 | 0 |
_aEthnicity _zAmerica. |
|
| 650 | 0 |
_aMinorities _zAmerica _xSocial conditions. |
|
| 650 | 0 |
_aPerforming arts _zLatin America _xHistory. |
|
| 655 | 0 | _aElectronic books. | |
| 700 | 1 |
_aContreras Castro, Anabelle, _etranslator. |
|
| 700 | 1 |
_iTranslation of: _aTaylor, Diana, _d1950- _tArchive and the repertoire. |
|
| 791 | 2 |
_aDigitalia (Firm), _edistributor. |
|
| 793 | 0 |
_gDigitalia eBook Collection: _aEdiciones Universidad Alberto Hurtado |
|
| 776 | 0 | 8 |
_iPrint version: _aTaylor, Diana, 1950- _sArchive and the repertoire. Spanish (Contreras Castro) _tArchivo y el repertorio. _dSantiago de Chile : Ediciones Universidad Alberto Hurtado, 2015 _z9789569320828 _w(OCoLC)933242039 |
| 830 | 0 | _aColección Antropología (Santiago, Chile) | |
| 856 | 4 | 0 |
_3Digitalia Hispánica _uhttps://www.digitaliapublishing.com/a/46433/ |
| 910 | _aPremium collection: 2017 | ||
| 942 | _cRAA | ||
| 999 |
_c249642 _d249642 |
||